000 00672nam a22002297a 4500
001 5677
003 FISKH
005 20250113110026.0
008 250113b cb ||||| |||| 00| 0 eng d
020 _a0070398143
040 _aFISKH
_beng
_cFISKH
_dFISKH
050 _aE178.1
082 _a910​
100 _aGraham, Alma
245 _aEarth's regions /
_cBy Alma Graham , Celo Cherrryholmes, Gary Manson, Anna Ochaoa
260 _aNew York :
_bMcGaaw-Hill, Inc ;
_c1988.
300 _a352 pages ;
_bcolor illustrations, maps ;
_c25 cm .
650 _ageography
_vnon-fiction
700 _aCherryholmes, Cleo
_eillustrator
942 _2ddc
_cBK
_n0
999 _c5677
_d5677